[Event "WYCC 2018 O18"]
[Site "Halkidiki"]
[Date "2018.10.22"]
[Round "4"]
[White "Le, Minh Hoang"]
[Black "Pultinevicius, Paulius"]
[Result "0-1"]
[WhiteElo "2271"]
[BlackElo "2465"]
[Annotator "TA"]
[PlyCount "150"]
[EventDate "2018.10.20"]
[EventType "swiss"]
[EventCountry "GRE"]
[SourceTitle "playchess.com"]
[Source "ChessBase"]
[SourceQuality "1"]

{[%evp 15,150,-45,14,0,0,0,0,-14,24,0,10,-2,43,13,20,20,53,8,46,21,10,0,6,-14,-13,-33,-34,-43,-41,-70,-73,-75,-58,-93,-93,-130,-125,-130,-107,-110,-109,-106,-101,-123,-122,-121,-123,-139,-102,-140,-140,-140,-140,-138,-140,-139,-138,-139,-132,-140,-140,-140,-140,-130,-126,-126,-126,-126,-126,-126,-126,-126,-126,-126,-126,-126,-126,-126,-126,-126,-126,-126,-126,-126,-126,-126,-126,-126,-126,-126,-126,-126,-126,-500,-459,-998,-795,-785,-746,-729,-516,-1977,-1888,-29961,-29961,-29961,-29961,-29963,-29964,-29962,-29965,-29964,-29964,-29959,-29961,-6590,-6070,-29974,-29975,-29975,-29972,-29972,-29973,-29973,-29971,-29971,-29970,-29968,0,-29969,0,-29962,-29966,-29967,-29966,-6389,-6405]} 1. Nf3 Nf6 2. c4 g6 3. Nc3 d5 4. Qa4+ Bd7 5. Qb3 dxc4 6. Qxc4 Bg7 7. e4 O-O 8. d4 Na6 (8... b5 $15 9. Qc5 (9. Nxb5 Nxe4 10. Qc2 Bc6 $11) 9... Na6) 9. Be2 {D90: Grünfeld: 4 Nf3 Bg7 sidelines} c5 $1 10. O-O $146 ({Predecessor:} 10. d5 e6 11. O-O exd5 12. exd5 Re8 13. Rd1 b5 14. Qf4 Nh5 15. Qd6 Nc7 16. Qxc5 Bxc3 {0-1 (34) Ravia,M (2386)-Khmelniker,I (2451) Tel Aviv 2003}) 10... cxd4 $1 11. Qxd4 {[#] e5 is the strong threat.The position is equal.} Bg4 12. Be3 Nd7 {[%cal Bf6d7,Bd7c5,Bc5d3][%mdl 32]} 13. Qd1 Ndc5 14. h3 Bxf3 15. Bxf3 Rc8 16. Qe2 {Threatening Rfd1.} Qd3 (16... Bxc3 $5 17. bxc3 Qa5 $14) 17. Qxd3 Nxd3 18. Nd5 Rfe8 19. Bxa7 e6 20. Ne3 Nxb2 21. Rab1 Ra8 $36 {[%cal Bc8a8,Ba8a2,Ba2a3][%mdl 2080] Black has good play.} 22. Bb6 Nb4 23. Nd1 N2d3 24. e5 Rxa2 25. Bxb7 Rb8 26. Be4 Rxb6 27. Bxd3 Bxe5 ({Much weaker is} 27... Nxd3 $6 28. Rxb6 Bxe5 29. Rb3 $11) 28. Bc4 Ra3 29. Ne3 Bd4 30. Rfe1 Kg7 31. Bf1 Ra2 32. Re2 Rxe2 33. Bxe2 Bxe3 34. fxe3 Nd5 35. Rxb6 Nxb6 $17 {[%mdl 4096] Endgame KB-KN} 36. Kf2 Kf6 37. Kf3 Ke5 38. Bb5 Nc8 39. Bd3 Nd6 40. Bc2 f5 41. h4 Nc4 42. Bd3 Nd2+ 43. Ke2 Ne4 44. Kf3 Nf6 45. Bc2 Kd6 46. Bb3 e5 47. Bf7 Ke7 48. Bb3 Kf8 49. Bc4 Kg7 50. g3 Kf8 51. Bb3 Ke7 52. Bc4 Kd6 53. Bf7 Kc5 54. Be6 $2 {[%mdl 8192] [#]} (54. Ke2 $17) 54... Kb4 $1 $19 55. h5 (55. Ke2 $142 Kc5 56. Bf7) 55... Nxh5 56. g4 Ng7 57. Bf7 Kc5 58. e4 (58. gxf5 $142 Nxf5 59. Kf2) 58... f4 59. g5 Kd6 60. Bg8 Ke7 61. Kg4 Kf8 62. Bd5 Ne8 63. Bc4 Nd6 64. Bd3 Kg7 65. Kh4 h6 66. gxh6+ Kxh6 67. Kg4 Kg7 68. Kg5 Nf7+ 69. Kg4 Kf6 70. Be2 Nd6 71. Bd3 Kg7 72. Kg5 $1 Nf7+ 73. Kg4 Kh6 74. Bc2 Ng5 75. Bd3 Nh7 {Precision: White = 32%, Black = 82%.} 0-1

[Event "WYCC 2018 O18"]
[Site "Halkidiki"]
[Date "2018.10.22"]
[Round "4"]
[White "Beukema, Jasper"]
[Black "Makhnev, Denis"]
[Result "0-1"]
[WhiteElo "2256"]
[BlackElo "2442"]
[Annotator "TA"]
[PlyCount "64"]
[EventDate "2018.10.20"]
[EventType "swiss"]
[EventCountry "GRE"]
[SourceTitle "playchess.com"]
[Source "ChessBase"]
[SourceQuality "1"]

{[%evp 15,64,-7,-17,-51,-18,-27,-15,-18,0,0,28,-44,0,-74,-73,-97,-115,-104,0,-44,-66,-97,151,135,134,-168,-176,-420,-405,-405,-410,-460,-436,-460,-452,-456,-452,-445,-443,-460,-453,-463,-454,-462,-441,-616,-593,-606,-608,-585,-583]} 1. d4 d5 2. Bf4 Nf6 3. e3 c5 4. c3 e6 5. Nd2 Bd6 6. Bg3 Qc7 7. Ngf3 Nbd7 8. Bd3 O-O {LiveBook: 43 Games} 9. Nh4 $146 {D02: 1 d4 d5 2 Nf3 sidelines, including 2...Nf6 3 g3 and 2...Nf6 3 Bf4} ({Predecessor:} 9. Qc2 e5 10. dxe5 Nxe5 11. Nxe5 Bxe5 12. Nf3 Bxg3 13. hxg3 h6 14. c4 Be6 15. O-O Rfd8 16. Rac1 Rac8 17. cxd5 Nxd5 {½-½ (36) Vachier Lagrave,M (2779)-Dominguez Perez,L (2739) chess.com INT 2018}) 9... g6 10. Bxd6 Qxd6 11. f4 {The position is equal.} cxd4 12. cxd4 Ne8 13. Qg4 (13. Rc1 $11) 13... Ng7 14. Nhf3 (14. Qe2 $11 {keeps the balance.}) 14... Qb6 {...e5 is the strong threat.} 15. Qg5 f6 16. Qh6 Re8 (16... Qxb2 $17 17. Ke2 Nf5) 17. h4 {Hoping for h5!} Qxb2 18. Ke2 e5 $2 (18... Nf5 19. Bxf5 exf5 20. h5 $14) (18... Re7 $17 {keeps the pressure on.}) 19. fxe5 $1 $16 fxe5 {aiming for ...e4.} 20. Rab1 $2 {[%mdl 8192] [#]} ({Avoid the trap} 20. Ng5 $2 Nf6 $17) (20. h5 $1 $16 {[%cal Rh5g6] is necessary to keep the advantage.} e4 21. hxg6 exd3+ 22. Kf2 hxg6 23. Raf1) 20... Qa3 $1 $36 {[%mdl 2048] Threatens to win with ...e4. Black is in control.} (20... Qxa2 21. Ra1 $11 (21. Ng5 Nf8 $14)) 21. Nc4 $2 (21. Rb3 Qe7 22. Ng5) 21... dxc4 22. Bxc4+ {[#]} Kh8 $1 23. Ng5 {[%csl Gg5][%cal Rh6h7] [#]} Qxe3+ $1 {[%mdl 512] Black is clearly winning.} 24. Kxe3 {[%csl Gg5][%cal Rh6h7]} Nf5+ 25. Kd2 {[%csl Gg5][%cal Rh6h7]} Nxh6 26. h5 Nb6 27. Bb3 Kg7 28. Rbc1 Re7 29. hxg6 hxg6 30. d5 {If White can now play d6 this consolidates a bit.} Bf5 31. Ne6+ Bxe6 32. dxe6 Rd8+ {Precision: White = 23%, Black = 31%.} 0-1

[Event "WYCC 2018 O18"]
[Site "Halkidiki"]
[Date "2018.10.22"]
[Round "4"]
[White "Tifferet, Shaked"]
[Black "Miciano, John Marvin"]
[Result "1/2-1/2"]
[WhiteElo "2254"]
[BlackElo "2361"]
[Annotator "NA"]
[PlyCount "51"]
[EventDate "2018.10.20"]
[EventType "swiss"]
[EventCountry "GRE"]
[SourceTitle "playchess.com"]
[Source "ChessBase"]
[SourceQuality "1"]
[TimeControl "40/5400+30:1800+30"]

1. e4 {[%emt 0:00:00]} c6 {[%emt 0:00:00]} 2. d4 {[%emt 0:00:00]} d5 {[%emt 0:00:00]} 3. e5 {[%emt 0:00:20]} Bf5 {[%emt 0:00:05]} 4. Be3 {[%emt 0:00:12]} e6 {[%emt 0:00:58]} 5. Nd2 {[%emt 0:00:06]} Ne7 {[%emt 0:00:55] B12: Caro-Kann: Advance Variation} 6. Ngf3 {[%emt 0:00:35]} (6. f4 Nd7 7. Ngf3 Qb6 8. Nb3 a5 9. a4 f6 10. Be2 Ng6 11. O-O Be7 12. c4 fxe5 13. c5 {1-0 (68) Zvjaginsev,V (2633)-Turov,M (2600) Yaroslavl 2018}) 6... h6 {[%emt 0:02:00]} 7. Be2 {[%emt 0:00:30]} Bh7 {[%emt 0:01:46]} 8. O-O {[%emt 0:00:09]} Nf5 {[%emt 0:00:15]} 9. c3 {[%emt 0:06:43]} Be7 {[%emt 0:01:09]} 10. a4 {[%emt 0:02:03]} O-O $146 {[%emt 0:00:24]} ({Predecessor:} 10... Nxe3 11. fxe3 Bg5 12. Nxg5 hxg5 13. Bh5 Bf5 14. Bxf7+ Kxf7 {1-0 (47) Dos Santos,M-Mesquita,F Brazil CXEB 1994}) 11. Bf4 {[%emt 0:07:36]} g5 {[%emt 0:03:09]} 12. Bg3 {[%emt 0:07:04]} c5 {[%emt 0:01:03]} 13. dxc5 {[%emt 0:03:11]} Nd7 {[%emt 0:11:17]} 14. b4 {[%emt 0:22:00]} h5 {[%emt 0:03:36]} 15. h3 {[%emt 0:07:41]} Nxg3 {[%emt 0:01:21]} 16. fxg3 {[%emt 0:00:03]} Qc7 {[%emt 0:03:36]} 17. Nd4 {[%emt 0:05:14]} Qxe5 {[%emt 0:01:32]} 18. Bxh5 {[%emt 0:06:26]} Qe3+ {[%emt 0:18:09]} 19. Kh2 {[%emt 0:01:05]} Qxc3 {[%emt 0:00:27]} 20. N2b3 {[%emt 0:05:33]} Nf6 {[%emt 0:13:51]} ({But not} 20... Qxb4 21. c6 $17) 21. b5 {[%emt 0:03:09]} Ne4 {[%emt 0:09:57]} 22. Rf3 {[%emt 0:05:26]} Qb4 $11 {[%emt 0:00:11]} 23. Nc2 {[%emt 0:01:49]} Qc4 {[%emt 0:00:18]} 24. Ne3 {[%emt 0:01:53]} Qb4 {[%emt 0:00:17]} 25. Nc2 {[%emt 0:08:30]} Qc4 {[%emt 0:00:07]} 26. Ne3 {[%emt 0:00:53]} 1/2-1/2

[Event "WYCC 2018 O18"]
[Site "Halkidiki"]
[Date "2018.10.22"]
[Round "4"]
[White "Alexakis, Dimitris"]
[Black "Mitrabha, Guha"]
[Result "0-1"]
[WhiteElo "2186"]
[BlackElo "2352"]
[Annotator "NA"]
[PlyCount "76"]
[EventDate "2018.10.20"]
[EventType "swiss"]
[EventCountry "GRE"]
[SourceTitle "playchess.com"]
[Source "ChessBase"]
[SourceQuality "1"]
[TimeControl "40/5400+30:1800+30"]

1. e4 {[%emt 0:04:57]} c6 {[%emt 0:00:00]} 2. d4 {[%emt 0:00:11]} d5 {[%emt 0:00:00]} 3. Nc3 {[%emt 0:00:04]} dxe4 {[%emt 0:00:00]} 4. Nxe4 {[%emt 0:00:05]} Nf6 {[%emt 0:00:00]} 5. Nxf6+ {[%emt 0:00:26]} exf6 {[%emt 0:00:00]} 6. Nf3 {[%emt 0:00:05]} Bd6 {[%emt 0:00:00]} 7. Be2 {[%emt 0:00:15]} O-O {[%emt 0:00:03]} 8. O-O {[%emt 0:00:02]} Bg4 {[%emt 0:00:11]} 9. h3 {[%emt 0:02:36]} Bh5 {[%emt 0:00:06]} 10. Nh4 {[%emt 0:02:48] B15: Caro-Kann: 3 Nc3: 3...g6 and 3...dxe4 4 Nxe4 Nf6 5 Nxf6+ exf6} Bg6 {[%emt 0:05:17]} 11. Nxg6 {[%emt 0:05:25]} (11. Bd3 Bc7 12. c3 Qd6 13. g3 Qd7 14. Kh2 a5 15. a4 Na6 16. Nxg6 hxg6 17. Qf3 Bd6 {½-½ (64) Kannappan,P (2484)-Shimanov,A (2627) Philadelphia 2016}) 11... hxg6 {[%emt 0:00:04]} 12. Bf3 {[%emt 0:02:24]} Nd7 {[%emt 0:00:12]} 13. c4 $146 {[%emt 0:08:56]} ({Predecessor:} 13. Re1 f5 14. Qd3 Nf6 15. Bg5 Qc7 16. Bxf6 gxf6 17. c3 Rad8 18. Rad1 Kg7 19. g3 Rfe8 20. Rxe8 Rxe8 21. Kg2 a5 22. Qc4 {½-½ (22) Podinic,B (2274)-Mirkovic,S (2343) Belgrade 2012}) 13... f5 {[%emt 0:06:05]} 14. Re1 {[%emt 0:13:10]} Nf6 {[%emt 0:00:15]} 15. Qc2 {[%emt 0:12:07]} Bc7 {[%emt 0:00:36]} 16. Qd3 {[%emt 0:09:27]} Qd6 {[%emt 0:00:39]} 17. g3 {[%emt 0:00:17]} Rad8 {[%emt 0:00:12]} 18. Bf4 {[%emt 0:01:13]} Qd7 {[%emt 0:00:01]} 19. Bxc7 {[%emt 0:00:34]} Qxc7 {[%emt 0:00:02]} 20. Rad1 {[%emt 0:01:06]} Rd7 {[%emt 0:00:24]} 21. c5 {[%emt 0:13:22]} Rfd8 {[%emt 0:01:18]} 22. b4 {[%emt 0:00:13]} Nd5 {[%emt 0:00:40]} 23. Qc4 {[%emt 0:01:38]} a5 {[%emt 0:10:39]} 24. bxa5 {[%emt 0:16:47]} f4 {[%emt 0:03:17]} 25. g4 {[%emt 0:01:12]} Qxa5 {[%emt 0:00:19]} 26. Bxd5 {[%emt 0:02:52]} Rxd5 {[%emt 0:00:01]} 27. Re7 {[%emt 0:00:37]} R8d7 {[%emt 0:05:23]} 28. Rxd7 {[%emt 0:00:23]} Rxd7 {[%emt 0:00:02]} 29. Kg2 {[%emt 0:00:38]} Qd8 {[%emt 0:01:01]} 30. d5 {[%emt 0:00:33]} cxd5 {[%emt 0:06:19]} 31. Qxf4 {[%emt 0:00:03]} d4 {[%emt 0:00:03]} 32. Rd3 {[%emt 0:00:57]} Rd5 {[%emt 0:00:15]} 33. a3 {[%emt 0:00:34]} Qd7 {[%emt 0:00:38]} 34. Kg1 {[%emt 0:00:27]} g5 {[%emt 0:05:40]} 35. Qe4 {[%emt 0:00:23]} g6 {[%emt 0:00:10]} 36. f4 {[%emt 0:00:37]} gxf4 {[%emt 0:01:05]} 37. Qxf4 {[%emt 0:00:01]} Qe7 {[%emt 0:01:09]} 38. Kg2 {[%emt 0:01:03]} Qe2+ {[%emt 0:00:12]} 0-1

[Event "WYCC 2018 O18"]
[Site "Halkidiki"]
[Date "2018.10.22"]
[Round "4"]
[White "Krstic, Milos"]
[Black "Ranaldi, Lucas"]
[Result "0-1"]
[WhiteElo "2171"]
[BlackElo "2335"]
[Annotator "NA"]
[PlyCount "100"]
[EventDate "2018.10.20"]
[EventType "swiss"]
[EventCountry "GRE"]
[SourceTitle "playchess.com"]
[Source "ChessBase"]
[SourceQuality "1"]
[TimeControl "40/5400+30:1800+30"]

1. e4 {[%emt 0:00:00]} c6 {[%emt 0:00:18]} 2. d4 {[%emt 0:00:00]} d5 {[%emt 0:00:04]} 3. Nc3 {[%emt 0:00:00]} dxe4 {[%emt 0:00:03]} 4. Nxe4 {[%emt 0:00:00]} Bf5 {[%emt 0:00:06]} 5. Ng3 {[%emt 0:00:00]} Bg6 {[%emt 0:00:04]} 6. h4 {[%emt 0:00:00]} h6 {[%emt 0:00:06]} 7. Nf3 {[%emt 0:00:02]} Nd7 {[%emt 0:00:19]} 8. h5 {[%emt 0:00:05]} Bh7 {[%emt 0:00:03]} 9. Bd3 {[%emt 0:00:04]} Bxd3 {[%emt 0:00:06]} 10. Qxd3 {[%emt 0:00:03]} e6 {[%emt 0:00:08]} 11. Bd2 {[%emt 0:01:12]} Ngf6 {[%emt 0:00:05]} 12. O-O-O {[%emt 0:01:20]} Be7 {[%emt 0:00:06]} 13. Kb1 {[%emt 0:03:08]} Qb6 {[%emt 0:00:45]} 14. Qe2 {[%emt 0:05:07]} O-O {[%emt 0:05:30]} 15. Ne5 $11 {[%emt 0:06:12] LiveBook: 10 Games} Rfd8 {[%emt 0:08:04]} 16. Bc1 {[%emt 0:06:27]} a5 {[%emt 0:06:56]} 17. Ka1 {[%emt 0:41:19]} a4 {[%emt 0:07:05]} 18. a3 {[%emt 0:05:46]} Rac8 {[%emt 0:34:04]} 19. Rhe1 {[%emt 0:04:58]} c5 {[%emt 0:01:33]} 20. Nxd7 {[%emt 0:03:31]} Rxd7 {[%emt 0:00:22]} 21. dxc5 {[%emt 0:00:26]} Qc6 {[%emt 0:10:54]} 22. Rxd7 Nxd7 {[%emt 0:00:11]} 23. Ne4 {[%emt 0:10:50]} Nxc5 {[%emt 0:11:26]} 24. Kb1 {[%emt 0:01:34]} Rd8 {[%emt 0:08:22]} 25. Nxc5 {[%emt 0:05:10]} Qxc5 {[%emt 0:00:17]} 26. g4 {[%emt 0:00:43]} b5 {[%emt 0:00:57]} 27. f3 {[%emt 0:01:57]} b4 {[%emt 0:02:45]} 28. axb4 {[%emt 0:02:18]} Qxb4 {[%emt 0:00:01]} 29. Rd1 {[%emt 0:00:20]} Rb8 {[%emt 0:01:53]} 30. Qe4 {[%emt 0:01:31]} Qb5 {[%emt 0:01:54]} 31. Qd3 {[%emt 0:00:17]} Qb6 {[%emt 0:00:20]} 32. Qd4 {[%emt 0:00:22]} Qb5 {[%emt 0:00:28]} 33. Qd3 {[%emt 0:00:55]} Qb4 {[%emt 0:00:41]} 34. Qd4 {[%emt 0:00:10]} Qa5 {[%emt 0:00:29]} 35. Qf4 {[%emt 0:01:10]} Rb4 {[%emt 0:00:31]} 36. Qe3 {[%emt 0:00:29]} a3 {[%emt 0:00:27]} 37. b3 {[%emt 0:00:30]} Bg5 {[%emt 0:00:31]} 38. Qd3 {[%emt 0:00:23]} a2+ {[%emt 0:00:28]} 39. Ka1 {[%emt 0:00:22]} Rd4 {[%emt 0:00:31]} 40. Qe2 {[%emt 0:00:00]} Bf6 {[%emt 0:00:00]} 41. Bb2 {[%emt 0:01:36]} Rd2 {[%emt 0:12:38]} 42. Qe1 {[%emt 0:03:22]} Rxd1+ {[%emt 0:13:13]} 43. Qxd1 {[%emt 0:00:52]} Bxb2+ {[%emt 0:00:22]} 44. Kxb2 {[%emt 0:00:04]} g6 {[%emt 0:01:57]} 45. hxg6 {[%emt 0:00:23]} fxg6 {[%emt 0:00:05]} 46. b4 {[%emt 0:00:46]} a1=Q+ {[%emt 0:00:49]} 47. Qxa1 {[%emt 0:00:03]} Qxb4+ {[%emt 0:00:22]} 48. Ka2 {[%emt 0:00:08]} Qa4+ {[%emt 0:00:41]} 49. Kb2 {[%emt 0:00:02]} Qxa1+ {[%emt 0:00:29]} 50. Kxa1 {[%emt 0:00:03]} h5 {[%emt 0:00:11]} 0-1

[Event "WYCC 2018 O18"]
[Site "Halkidiki"]
[Date "2018.10.22"]
[Round "4"]
[White "Lindbol, Aleksander"]
[Black "Banzea, Alexandru-Bogdan"]
[Result "1/2-1/2"]
[WhiteElo "2166"]
[BlackElo "2313"]
[Annotator "NA"]
[PlyCount "59"]
[EventDate "2018.10.20"]
[EventType "swiss"]
[EventCountry "GRE"]
[SourceTitle "playchess.com"]
[Source "ChessBase"]
[SourceQuality "1"]
[TimeControl "40/5400+30:1800+30"]

1. e4 {[%emt 0:00:03]} c5 {[%emt 0:01:47]} 2. Nf3 {[%emt 0:00:21]} d6 {[%emt 0:00:33]} 3. d4 {[%emt 0:00:46]} cxd4 {[%emt 0:00:11]} 4. Nxd4 {[%emt 0:00:06]} Nf6 {[%emt 0:00:11]} 5. Nc3 {[%emt 0:00:15]} Nc6 {[%emt 0:02:31]} 6. Bg5 {[%emt 0:01:41]} e6 {[%emt 0:00:14]} 7. Qd2 {[%emt 0:00:28]} a6 {[%emt 0:01:44]} 8. O-O-O {[%emt 0:00:46]} Bd7 {[%emt 0:00:43]} 9. f4 {[%emt 0:03:08]} h6 {[%emt 0:04:37]} 10. Bxf6 {[%emt 0:05:53]} gxf6 {[%emt 0:00:17]} 11. f5 {[%emt 0:04:42] B63: Sicilian: Richter-Rauzer: 7...Be7 and unusual Black 7th moves} (11. g3 h5 12. Kb1 Qb6 13. Nb3 O-O-O 14. Bh3 Kb8 15. Rhf1 Bc8 16. Qe2 h4 17. Bg4 hxg3 18. hxg3 Rg8 {½-½ (35) Patel,A (2475)-Shabalov,A (2564) Chicago 2018}) 11... h5 {[%emt 0:02:47]} 12. Kb1 {[%emt 0:04:24]} b5 {[%emt 0:02:18]} 13. fxe6 {[%emt 0:25:31]} fxe6 {[%emt 0:00:19]} 14. Nxc6 $146 {[%emt 0:00:39]} ({Predecessor:} 14. g3 Ne5 15. Bh3 Qe7 16. Rhf1 Bh6 17. Qf2 Bg5 18. Nce2 Ng4 19. Bxg4 hxg4 {1-0 (51) Lukasiewicz,A (2129)-Barburzynska,M (1887) Polanica Zdroj 2008}) 14... Bxc6 {[%emt 0:00:15]} 15. Qe3 {[%emt 0:00:13]} Bh6 {[%emt 0:08:23]} 16. Qh3 {[%emt 0:11:54]} Ke7 {[%emt 0:04:16]} 17. Ne2 {[%emt 0:10:04]} e5 {[%emt 0:26:39]} 18. Ng3 {[%emt 0:05:17]} Bd7 {[%emt 0:01:05]} 19. Qxh5 {[%emt 0:03:38]} Qb6 $18 {[%emt 0:07:59]} (19... Bf4 $16 {was called for.} 20. Qf3 Bxg3 21. Qxg3 Rg8) 20. Be2 {[%emt 0:03:40]} Rag8 {[%emt 0:12:46]} 21. Nf5+ {[%emt 0:01:20]} Bxf5 {[%emt 0:01:59]} 22. Qxf5 {[%emt 0:00:05]} Rg5 {[%emt 0:04:51]} 23. Qf3 {[%emt 0:00:17]} Rg6 {[%emt 0:01:15]} 24. Rhf1 {[%emt 0:04:54]} Qe3 {[%emt 0:01:05]} 25. Qf5 {[%emt 0:01:01]} Qg5 {[%emt 0:00:25]} 26. Rxd6 {[%emt 0:05:37]} Kxd6 {[%emt 0:05:34]} 27. Rd1+ {[%emt 0:00:07]} Kc7 {[%emt 0:00:30]} 28. Qd7+ {[%emt 0:02:01]} Kb8 {[%emt 0:00:07]} 29. Qd6+ {[%emt 0:00:52]} Kb7 {[%emt 0:01:02]} 30. Qd7+ {[%emt 0:03:18]} 1/2-1/2

[Event "WYCC 2018 O18"]
[Site "Halkidiki"]
[Date "2018.10.22"]
[Round "4"]
[White "Asllani, Muhamet"]
[Black "Ayats Llobera, Gerard"]
[Result "0-1"]
[WhiteElo "2148"]
[BlackElo "2399"]
[Annotator "NA"]
[PlyCount "48"]
[EventDate "2018.10.20"]
[EventType "swiss"]
[EventCountry "GRE"]
[SourceTitle "playchess.com"]
[Source "ChessBase"]
[SourceQuality "1"]
[TimeControl "40/5400+30:1800+30"]

1. e4 {[%emt 0:00:00]} Nf6 {[%emt 0:00:00]} 2. Nc3 {[%emt 0:00:44]} d5 {[%emt 0:00:00]} 3. exd5 {[%emt 0:00:24]} Nxd5 {[%emt 0:00:00]} 4. Nf3 {[%emt 0:00:09]} g6 {[%emt 0:03:56]} 5. Bc4 {[%emt 0:00:57] B02: Alekhine's Defence: Chase Variation and lines with early Nc3} (5. g3 Bg7 6. Bg2 Nb6 7. O-O Nc6 8. a4 a5 9. d4 O-O 10. Be3 Bf5 11. Qe2 Nb4 12. Rac1 c6 {1-0 (28) Radjabov,T (2734)-Ivanchuk,V (2704) Beijing 2014}) 5... Nb6 {[%emt 0:01:02]} 6. Bb3 {[%emt 0:00:15]} c5 {[%emt 0:03:17]} 7. Ne5 {[%emt 0:04:33]} e6 {[%emt 0:02:03]} 8. Qf3 {[%emt 0:01:59]} Qe7 $146 {[%emt 0:14:57]} ({Predecessor:} 8... f6 9. Nc4 Bg7 10. Qe3 Nxc4 11. Bxc4 Qe7 12. O-O O-O {1-0 (58) Khatibi,M (2233)-Bahrami Hezaveh,N (2024) Hamedan 2018}) 9. d3 {[%emt 0:16:27]} Bg7 {[%emt 0:01:12]} 10. Bf4 {[%emt 0:01:16]} ({Natürlich nicht} 10. Bg5 f6 $15) 10... O-O {[%emt 0:03:55]} 11. a4 {[%emt 0:06:17]} Rd8 {[%emt 0:14:53]} 12. O-O {[%emt 0:01:18]} N6d7 {[%emt 0:10:57]} 13. Rfe1 {[%emt 0:05:37]} ({White should play} 13. Nc4 $14) 13... Bxe5 {[%emt 0:03:42]} 14. Bxe5 {[%emt 0:00:23]} Nxe5 {[%emt 0:00:24]} 15. Rxe5 {[%emt 0:00:08]} Nc6 {[%emt 0:00:09]} 16. Nd5 {[%emt 0:00:12]} Rxd5 {[%emt 0:00:41]} 17. Rxd5 {[%emt 0:00:40]} exd5 {[%emt 0:00:16]} 18. Bxd5 {[%emt 0:00:05]} Nd4 {[%emt 0:00:20]} 19. Qd1 {[%emt 0:04:54]} Be6 $19 {[%emt 0:00:53]} 20. Bxe6 {[%emt 0:00:05]} Qxe6 {[%emt 0:00:09]} 21. c3 {[%emt 0:00:05]} Nc6 {[%emt 0:00:31]} 22. Qf3 {[%emt 0:00:52]} Re8 {[%emt 0:00:07]} 23. h3 {[%emt 0:00:14]} Qe2 {[%emt 0:00:09]} 24. Qxf7+ {[%emt 0:00:25]} Kxf7 {[%emt 0:00:01]} 0-1

[Event "WYCC 2018 O18"]
[Site "Halkidiki"]
[Date "2018.10.22"]
[Round "4"]
[White "Torres Cueto, Jesus Marcial"]
[Black "Ahmadzada, Ahmad"]
[Result "0-1"]
[WhiteElo "2078"]
[BlackElo "2343"]
[Annotator "NA"]
[PlyCount "96"]
[EventDate "2018.10.20"]
[EventType "swiss"]
[EventCountry "GRE"]
[SourceTitle "playchess.com"]
[Source "ChessBase"]
[SourceQuality "1"]
[TimeControl "40/5400+30:1800+30"]

1. d4 {[%emt 0:00:00]} Nf6 {[%emt 0:00:00]} 2. c4 {[%emt 0:00:00]} e6 {[%emt 0:00:00]} 3. Nc3 {[%emt 0:00:01]} Bb4 {[%emt 0:00:04]} 4. Qc2 {[%emt 0:00:14]} O-O {[%emt 0:00:14]} 5. a3 {[%emt 0:00:03]} Bxc3+ {[%emt 0:00:06]} 6. Qxc3 {[%emt 0:00:05]} b6 {[%emt 0:00:06]} 7. Nf3 {[%emt 0:00:11]} Bb7 {[%emt 0:00:19]} 8. e3 {[%emt 0:00:12]} d6 {[%emt 0:01:00]} 9. Bd3 {[%emt 0:03:52]} Ne4 {[%emt 0:00:30]} 10. Qc2 {[%emt 0:00:08]} f5 {[%emt 0:00:32]} 11. b4 {[%emt 0:01:30]} Nd7 {[%emt 0:00:47]} 12. Bb2 {[%emt 0:00:18]} Qe7 {[%emt 0:04:48]} 13. O-O {[%emt 0:01:16] E32: Nimzoindisch (4.Dc2)} Ng5 {[%emt 0:02:30]} 14. Nxg5 {[%emt 0:02:18]} Qxg5 {[%emt 0:00:09]} 15. e4 $146 {[%emt 0:00:09]} ({Vorgänger:} 15. f4 Qe7 16. Rae1 Nf6 17. d5 exd5 18. Bxf5 dxc4 19. e4 Bc8 20. Bxc8 Raxc8 21. e5 dxe5 22. Qxc4+ {0-1 (57) Przezdziecka,M (2278)-Berczes,D (2551) Warsaw 2010}) 15... Nf6 {[%emt 0:04:47]} 16. f4 {[%emt 0:00:52]} Qh6 {[%emt 0:02:22]} 17. exf5 {[%emt 0:04:04]} Ng4 {[%emt 0:00:41]} 18. g3 {[%emt 0:00:22]} Ne3 {[%emt 0:00:42]} 19. Qf2 {[%emt 0:00:21]} Nxf1 {[%emt 0:00:51]} 20. Rxf1 {[%emt 0:00:02]} exf5 {[%emt 0:00:20]} 21. d5 {[%emt 0:00:13]} c6 {[%emt 0:01:11]} 22. Re1 {[%emt 0:01:25]} Rae8 {[%emt 0:03:05]} 23. Rd1 {[%emt 0:07:35]} (23. Rxe8 $17 Rxe8 24. Bxf5) 23... Qh5 {[%emt 0:06:07]} 24. Rd2 {[%emt 0:00:34]} Qf7 {[%emt 0:00:25]} 25. Qd4 {[%emt 0:05:59]} cxd5 {[%emt 0:01:23]} 26. cxd5 {[%emt 0:00:13]} Re1+ {[%emt 0:02:07]} 27. Kf2 {[%emt 0:03:52]} Rh1 {[%emt 0:00:25]} 28. Bf1 {[%emt 0:01:13]} Rxh2+ {[%emt 0:00:30]} 29. Bg2 {[%emt 0:00:01]} Qe7 {[%emt 0:02:03]} 30. Kg1 {[%emt 0:05:49]} Rh6 {[%emt 0:00:12]} 31. Bf1 {[%emt 0:00:30]} Rg6 {[%emt 0:00:53]} 32. Kf2 {[%emt 0:00:57]} Qe4 {[%emt 0:02:55]} 33. Bg2 {[%emt 0:01:25]} Qe7 {[%emt 0:02:05]} 34. Re2 {[%emt 0:00:46]} Qd7 {[%emt 0:00:41]} 35. Bf3 {[%emt 0:01:27]} Ba6 {[%emt 0:01:22]} 36. Re6 {[%emt 0:00:35]} Rc8 {[%emt 0:05:50]} 37. g4 {[%emt 0:09:02]} Rc4 {[%emt 0:05:13]} 38. Qe3 {[%emt 0:00:28]} Rxe6 {[%emt 0:03:18]} 39. dxe6 {[%emt 0:00:07]} Qe7 {[%emt 0:00:09]} 40. Kg3 {[%emt 0:00:00]} Rc2 {[%emt 0:00:00]} 41. Bd4 $17 {[%emt 0:13:40]} fxg4 {[%emt 0:31:01]} 42. Bxg4 {[%emt 0:01:54]} Bb7 {[%emt 0:15:18]} 43. Be2 {[%emt 0:02:34]} Ba8 {[%emt 0:10:31]} 44. Bh5 {[%emt 0:18:18]} g6 {[%emt 0:02:33]} 45. Be2 {[%emt 0:00:18]} Qb7 {[%emt 0:01:58]} 46. e7 {[%emt 0:01:12]} Qg2+ {[%emt 0:00:06]} 47. Kh4 {[%emt 0:00:05]} g5+ {[%emt 0:00:24]} 48. Kh5 {[%emt 0:00:10]} Qxe2+ {[%emt 0:00:16]} 0-1